[Event "ROM-chT"]
[Site "Mamaia"]
[Date "2021.10.03"]
[Round "2.5"]
[White "Parligras, Mircea Emilian"]
[Black "Tomescu, Vlad"]
[Result "1-0"]
[WhiteElo "2579"]
[BlackElo "2334"]
[PlyCount "89"]
[EventDate "2021.10.02"]
[EventType "team-tourn"]
[EventRounds "11"]
[EventCountry "ROU"]
[SourceTitle "CBM 204 Extra"]
[Source "ChessBase"]
[SourceDate "2021.11.30"]
[SourceVersion "1"]
[SourceVersionDate "2021.11.30"]
[SourceQuality "1"]
[WhiteTeam "Arad Vados"]
[BlackTeam "Urziceni Viitorul"]
[WhiteTeamCountry "ROU"]
[BlackTeamCountry "ROU"]

1. d4 d5 2. c4 Bf5 3. cxd5 Bxb1 4. Qa4+ c6 5. dxc6 Nxc6 6. Rxb1 Qxd4 7. Qxd4 Nxd4 8. Bd2 e6 9. e3 Nc6 10. Nf3 Bd6 11. Bc3 Nf6 12. Bxf6 gxf6 13. Bb5 Kd7 14. Nd4 a6 15. Bxc6+ bxc6 16. Ke2 a5 17. Rhc1 Ra6 18. Nb3 a4 19. Nd2 Kc7 20. Nc4 Be7 21. Rd1 Raa8 22. Rd3 Rhd8 23. Rbd1 Rxd3 24. Rxd3 f5 25. Kd2 Rd8 26. Rxd8 Bxd8 27. Ne5 Bf6 28. Nc4 c5 29. Kc2 Kc6 30. b3 axb3+ 31. Kxb3 e5 32. a4 Bg7 33. Nd2 e4 34. Kc4 Be5 35. g3 Bb2 36. Nb3 Ba3 37. a5 Bb4 38. a6 Be1 39. Nxc5 Kb6 40. Kd4 Bxf2 41. Nb7 h5 42. Nd6 h4 43. Nxf5 hxg3 44. Nxg3 Kxa6 45. Nf5 1-0

[Event "ROM-chT div-A"]
[Site "Mamaia"]
[Date "2019.09.23"]
[Round "3.5"]
[White "Tomescu, Vlad"]
[Black "Szabo, Gergely Andras"]
[Result "0-1"]
[WhiteElo "2327"]
[BlackElo "2534"]
[PlyCount "88"]
[EventDate "2019.09.21"]
[EventType "team-tourn"]
[EventRounds "9"]
[EventCountry "ROU"]
[SourceTitle "EXT 2020"]
[Source "ChessBase"]
[SourceDate "2019.10.17"]
[SourceVersion "1"]
[SourceVersionDate "2019.10.17"]
[SourceQuality "1"]
[WhiteTeam "Urziceni Viitorul"]
[BlackTeam "Ghiroda Si Giarmata VII"]
[WhiteTeamCountry "ROU"]
[BlackTeamCountry "ROU"]

1. d4 Nf6 2. Bg5 c6 3. Bxf6 exf6 4. c3 d5 5. e3 Bd6 6. Bd3 f5 7. Ne2 Be6 8. Nf4 Nd7 9. Nxe6 fxe6 10. f4 0-0 11. Nd2 c5 12. 0-0 c4 13. Be2 b5 14. b3 Qc7 15. a4 a6 16. Qc2 Rfc8 17. bxc4 bxc4 18. g3 Rab8 19. Rfb1 Kf8 20. Kf2 Ke7 21. Rxb8 Rxb8 22. Rb1 Kd8 23. Bd1 Rb6 24. Rxb6 Qxb6 25. Qa2 Kc7 26. h3 h6 27. g4 g5 28. gxf5 exf5 29. fxg5 Be7 30. Qc2 Qe6 31. Nf1 hxg5 32. Bf3 Bd6 33. a5 Kc8 34. Qa4 Bc7 35. Qb4 Bd6 36. Qa4 Kd8 37. Bg2 Nf6 38. Qa2 Bc7 39. Qb2 Bxa5 40. Ng3 Bc7 41. Ne2 g4 42. Qb7 f4 43. exf4 g3+ 44. Kg1 Qe3+ 0-1

[Event "ROM-chT2"]
[Site "Mamaia"]
[Date "2015.10.09"]
[Round "7.1"]
[White "Tomescu, Vlad"]
[Black "Dimitrov, Radoslav"]
[Result "1/2-1/2"]
[WhiteElo "2339"]
[BlackElo "2486"]
[PlyCount "45"]
[EventDate "2015.10.03"]
[EventType "team-tourn"]
[EventRounds "9"]
[EventCountry "ROU"]
[SourceTitle "CBM 169 Extra"]
[Source "ChessBase"]
[SourceDate "2015.12.18"]
[SourceVersion "1"]
[SourceVersionDate "2015.12.18"]
[SourceQuality "1"]
[WhiteTeam "Buzau Pheonix"]
[BlackTeam "Bucharest Comex"]
[WhiteTeamCountry "ROU"]
[BlackTeamCountry "ROU"]

1. d4 Nf6 2. c4 e6 3. Nc3 Bb4 4. e3 c5 5. a3 Bxc3+ 6. bxc3 Nc6 7. Nf3 d6 8. Bd3 e5 9. d5 e4 10. dxc6 bxc6 11. Be2 exf3 12. Bxf3 Qc7 13. Qa4 Bd7 14. 0-0 0-0 15. e4 Be6 16. Bf4 Nd7 17. Rfd1 Ne5 18. Bxe5 dxe5 19. h3 Rab8 20. Ra2 Rb6 21. Qa5 Qe7 22. Rad2 h6 23. Rd6 1/2-1/2

[Event "ROM-chT2"]
[Site "Mamaia"]
[Date "2015.10.07"]
[Round "5.1"]
[White "Tomescu, Vlad"]
[Black "Rusan, Paul Cristian"]
[Result "0-1"]
[WhiteElo "2339"]
[BlackElo "2199"]
[PlyCount "70"]
[EventDate "2015.10.03"]
[EventType "team-tourn"]
[EventRounds "9"]
[EventCountry "ROU"]
[SourceTitle "CBM 169 Extra"]
[Source "ChessBase"]
[SourceDate "2015.12.18"]
[SourceVersion "1"]
[SourceVersionDate "2015.12.18"]
[SourceQuality "1"]
[WhiteTeam "Buzau Pheonix"]
[BlackTeam "Bistrita"]
[WhiteTeamCountry "ROU"]
[BlackTeamCountry "ROU"]

1. d4 d6 2. e4 g6 3. Nc3 Bg7 4. f4 Nf6 5. Nf3 c5 6. e5 Nfd7 7. exd6 Nc6 8. Be3 exd6 9. Qd2 0-0 10. 0-0-0 Qa5 11. a3 Nf6 12. Nb5 Qxd2+ 13. Bxd2 Bg4 14. Be2 Ne4 15. dxc5 dxc5 16. Rhf1 a6 17. Nc7 Rac8 18. Nd5 Nxd2 19. Rxd2 Rfe8 20. h3 Be6 21. Nb6 Rcd8 22. Rxd8 Rxd8 23. Ng5 Nd4 24. Bd1 Rd6 25. Na4 Bd5 26. Re1 h6 27. Ne4 Bxe4 28. Rxe4 Ne6 29. b4 cxb4 30. axb4 f5 31. Rc4 b5 32. Rc8+ Kh7 33. Nc5 Nxf4 34. Bf3 h5 35. Rc6 Ne2+ 0-1

[Event "ROM-chT2"]
[Site "Calimanesti"]
[Date "2014.11.16"]
[Round "9.3"]
[White "Tomescu, Vlad"]
[Black "Busu, Corneliu"]
[Result "1/2-1/2"]
[WhiteElo "2356"]
[BlackElo "2272"]
[PlyCount "20"]
[EventDate "2014.11.08"]
[EventType "team-tourn"]
[EventRounds "9"]
[EventCountry "ROU"]
[SourceTitle "CBM 163 Extra"]
[Source "ChessBase"]
[SourceDate "2014.12.23"]
[SourceVersion "1"]
[SourceVersionDate "2014.12.23"]
[SourceQuality "1"]
[WhiteTeam "Satu Mare Apollo"]
[BlackTeam "Resita Muncitorul"]
[WhiteTeamCountry "ROU"]
[BlackTeamCountry "ROU"]

1. d4 Nf6 2. c4 e6 3. Nf3 b6 4. g3 Bb7 5. Bg2 Be7 6. 0-0 0-0 7. Nc3 d5 8. Ne5 Na6 9. cxd5 exd5 10. Bf4 c5 1/2-1/2

[Event "ROM-chT2"]
[Site "Calimanesti"]
[Date "2014.11.14"]
[Round "7.4"]
[White "Suba, Mihai"]
[Black "Tomescu, Vlad"]
[Result "1/2-1/2"]
[WhiteElo "2341"]
[BlackElo "2356"]
[PlyCount "20"]
[EventDate "2014.11.08"]
[EventType "team-tourn"]
[EventRounds "9"]
[EventCountry "ROU"]
[SourceTitle "CBM 163 Extra"]
[Source "ChessBase"]
[SourceDate "2014.12.23"]
[SourceVersion "1"]
[SourceVersionDate "2014.12.23"]
[SourceQuality "1"]
[WhiteTeam "Brasov CSU"]
[BlackTeam "Satu Mare Apollo"]
[WhiteTeamCountry "ROU"]
[BlackTeamCountry "ROU"]

1. c4 e5 2. Nc3 Nc6 3. g3 g6 4. Bg2 Bg7 5. d3 d6 6. e4 Nge7 7. Nge2 0-0 8. 0-0 Nd4 9. Nxd4 exd4 10. Ne2 c5 1/2-1/2

[Event "ROM-chT2"]
[Site "Calimanesti"]
[Date "2014.11.11"]
[Round "4.4"]
[White "Tomescu, Vlad"]
[Black "Florea, Leonard Gelu"]
[Result "1-0"]
[WhiteElo "2356"]
[BlackElo "2018"]
[PlyCount "151"]
[EventDate "2014.11.08"]
[EventType "team-tourn"]
[EventRounds "9"]
[EventCountry "ROU"]
[SourceTitle "CBM 163 Extra"]
[Source "ChessBase"]
[SourceDate "2014.12.23"]
[SourceVersion "1"]
[SourceVersionDate "2014.12.23"]
[SourceQuality "1"]
[WhiteTeam "Satu Mare Apollo"]
[BlackTeam "Galati Diana"]
[WhiteTeamCountry "ROU"]
[BlackTeamCountry "ROU"]

1. e4 e5 2. Nc3 Bc5 3. Bc4 Nf6 4. d3 h6 5. f4 Nc6 6. Nf3 d6 7. Na4 Bg4 8. Bb5 Bb6 9. fxe5 dxe5 10. h3 Bxf3 11. Qxf3 Qd6 12. Nc3 0-0-0 13. Bxc6 bxc6 14. Bd2 Rhf8 15. 0-0-0 Nd7 16. Ne2 f6 17. Kb1 Rg8 18. Ng3 Qc5 19. Nf5 Kb8 20. Qg4 Qf8 21. Rdf1 Qf7 22. Qd1 Rh8 23. h4 Nc5 24. h5 Qd7 25. Bb4 Ne6 26. Qd2 c5 27. Bc3 c4 28. Rd1 cxd3 29. cxd3 Qf7 30. g3 Rd7 31. Qc2 Rhd8 32. a4 Nd4 33. Bxd4 Bxd4 34. Qc4 c5 35. Qxf7 Rxf7 36. b3 Rb7 37. Kc2 Rdd7 38. Rh4 Kc8 39. Rh2 Kd8 40. Re2 Rb6 41. Nh4 Rdb7 42. Rb1 Ke8 43. Nf3 Kf7 44. Nd2 Ke6 45. Nc4 Rb4 46. Rh2 Rc7 47. Rh4 Rf7 48. Rg4 Rb8 49. Rg6 Rfb7 50. Rf1 Rf7 51. Rh1 Rb4 52. Na5 Rb6 53. Nc4 Rb4 54. Rh4 Rxc4+ 55. dxc4 Be3 56. Rh1 Bg5 57. Rd1 Rc7 58. Rd8 Kf7 59. Rd6 Ke7 60. Rd5 Kf7 61. g4 Kf8 62. a5 a6 63. Rd6 Ra7 64. b4 cxb4 65. Kb3 Bh4 66. Kxb4 Be1+ 67. Ka4 Bf2 68. Rc6 Be1 69. c5 Bf2 70. Kb3 Be1 71. Ka4 Bf2 72. g5 fxg5 73. Rxa6 Rxa6 74. Rxa6 Bxc5 75. Kb5 Bd4 76. Rg6 1-0

[Event "ROM-chT"]
[Site "Mamaia"]
[Date "2012.09.30"]
[Round "9.3"]
[White "Fedorov, Alexei"]
[Black "Tomescu, Vlad"]
[Result "1-0"]
[WhiteElo "2579"]
[BlackElo "2403"]
[PlyCount "66"]
[EventDate "2012.09.22"]
[EventType "team-tourn"]
[EventRounds "9"]
[EventCountry "ROU"]
[SourceTitle "CBM 150 Extra"]
[Source "ChessBase"]
[SourceDate "2012.10.19"]
[SourceVersion "1"]
[SourceVersionDate "2012.10.19"]
[SourceQuality "1"]
[WhiteTeam "Bucharest Sah Apa"]
[BlackTeam "Ploiesti CSU"]
[WhiteTeamCountry "ROU"]
[BlackTeamCountry "ROU"]

1. e4 Nc6 2. Nc3 Nf6 3. d4 d5 4. e5 Nd7 5. e6 Nf6 6. exf7+ Kxf7 7. Nf3 Bg4 8. Ng5+ Kg8 9. Be2 Bxe2 10. Nxe2 Qd7 11. f4 e6 12. 0-0 h6 13. Nf3 Ne4 14. Ng3 Nxg3 15. hxg3 g6 16. Qd3 Kg7 17. Bd2 Be7 18. Rae1 Rae8 19. Re2 h5 20. Rfe1 Bf6 21. c3 a6 22. Re3 Kf7 23. Qe2 Rhf8 24. Bc1 Nd8 25. g4 hxg4 26. Ne5+ Bxe5 27. fxe5 Kg7 28. Qxg4 Rf5 29. Rg3 Qf7 30. Bg5 Nc6 31. Bf6+ Kh7 32. Rh3+ Rh5 33. Ree3 Rg8 1-0

[Event "ROM-chT"]
[Site "Mamaia"]
[Date "2012.09.29"]
[Round "8.4"]
[White "Dragomirescu, Calin"]
[Black "Tomescu, Vlad"]
[Result "0-1"]
[WhiteElo "2204"]
[BlackElo "2403"]
[PlyCount "62"]
[EventDate "2012.09.22"]
[EventType "team-tourn"]
[EventRounds "9"]
[EventCountry "ROU"]
[SourceTitle "CBM 150 Extra"]
[Source "ChessBase"]
[SourceDate "2012.10.19"]
[SourceVersion "1"]
[SourceVersionDate "2012.10.19"]
[SourceQuality "1"]
[WhiteTeam "Cugir CSO"]
[BlackTeam "Ploiesti CSU"]
[WhiteTeamCountry "ROU"]
[BlackTeamCountry "ROU"]

1. d4 Nc6 2. Nf3 d6 3. d5 Ne5 4. Nxe5 dxe5 5. e4 Nf6 6. Bb5+ Bd7 7. Bxd7+ Qxd7 8. Nc3 e6 9. Bg5 Bb4 10. Bxf6 gxf6 11. Qf3 Bxc3+ 12. bxc3 0-0-0 13. 0-0 exd5 14. Qxf6 dxe4 15. Qxe5 Qd5 16. Qf4 f5 17. g3 Rhf8 18. Rfd1 Qa5 19. c4 b6 20. Rxd8+ Rxd8 21. Rb1 Kb7 22. Rb5 Qxa2 23. Rxf5 Qxc4 24. Kg2 Re8 25. Rf7 Qxc2 26. Kh3 a5 27. Qf5 a4 28. Rxh7 a3 29. Qf7 e3 30. fxe3 a2 31. Qd5+ Kb8 0-1

[Event "ROM-chT"]
[Site "Mamaia"]
[Date "2012.09.23"]
[Round "2.4"]
[White "Parligras, Cosmin"]
[Black "Tomescu, Vlad"]
[Result "1/2-1/2"]
[WhiteElo "2305"]
[BlackElo "2403"]
[PlyCount "76"]
[EventDate "2012.09.22"]
[EventType "team-tourn"]
[EventRounds "9"]
[EventCountry "ROU"]
[SourceTitle "CBM 150 Extra"]
[Source "ChessBase"]
[SourceDate "2012.10.19"]
[SourceVersion "1"]
[SourceVersionDate "2012.10.19"]
[SourceQuality "1"]
[WhiteTeam "Techirghiol Victoria"]
[BlackTeam "Ploiesti CSU"]
[WhiteTeamCountry "ROU"]
[BlackTeamCountry "ROU"]

1. e4 c5 2. Nc3 Nc6 3. f4 e6 4. Nf3 d6 5. Be2 Nf6 6. 0-0 Be7 7. b3 0-0 8. Bb2 Nd4 9. d3 Nxe2+ 10. Qxe2 b6 11. e5 Nd5 12. Nxd5 exd5 13. d4 a5 14. Qd2 a4 15. Rad1 axb3 16. axb3 Ra2 17. Ra1 Rxa1 18. Bxa1 dxe5 19. fxe5 Be6 20. Bb2 Qd7 21. Ra1 Qb7 22. dxc5 bxc5 23. Qa5 Bf5 24. Qa7 Qxa7 25. Rxa7 Re8 26. c4 dxc4 27. bxc4 Be6 28. Ba3 g5 29. Nd2 g4 30. Ne4 Bxc4 31. Nd6 Bxd6 32. exd6 Re1+ 33. Kf2 Re2+ 34. Kg3 Rd2 35. Bxc5 Be6 36. Bb4 Rd3+ 37. Kf2 Kg7 38. Ra3 Rxa3 1/2-1/2

[Event "Civitanova Marche op"]
[Site "Civitanova Marche"]
[Date "2012.08.22"]
[Round "2"]
[White "Tomescu, Vlad"]
[Black "Arnetta, Maria Teresa"]
[Result "1-0"]
[WhiteElo "2408"]
[BlackElo "2031"]
[PlyCount "93"]
[EventDate "2012.08.21"]
[EventType "swiss"]
[EventRounds "9"]
[EventCountry "ITA"]
[SourceTitle "CBM 150 Extra"]
[Source "ChessBase"]
[SourceDate "2012.10.19"]
[SourceVersion "1"]
[SourceVersionDate "2012.10.19"]
[SourceQuality "1"]

1. d4 Nf6 2. c4 c5 3. d5 b5 4. cxb5 a6 5. b6 d6 6. Nc3 Nbd7 7. e4 Rb8 8. Nf3 g6 9. a4 Rxb6 10. a5 Rb4 11. Nd2 Bg7 12. Be2 Ne5 13. f4 Nfg4 14. Nf1 Rd4 15. Qc2 Nc4 16. h3 Nf6 17. b3 Nxa5 18. Be3 Nxe4 19. Nxe4 Rxe4 20. Qxe4 Nxb3 21. Ra4 0-0 22. Nd2 Bf5 23. Qc4 Nxd2 24. Bxd2 e6 25. 0-0 Bd4+ 26. Kh2 Qh4 27. Qb3 exd5 28. Rxd4 cxd4 29. Qxd5 Qf6 30. Bxa6 Rb8 31. Bc1 Rb6 32. Be2 Be6 33. Qa8+ Kg7 34. Qa1 Rb4 35. Ba3 Ra4 36. Qb2 Bf5 37. Bb5 Ra8 38. Qb4 Rb8 39. Bb2 Kg8 40. Qa4 Be4 41. Bxd4 Qf5 42. Bc6 Bc2 43. Qa7 Rf8 44. Qe7 Qe6 45. Re1 Qxe7 46. Rxe7 Bb3 47. Rd7 1-0

[Event "Porto San Giorgio op-A 21st"]
[Site "Porto San Giorgio"]
[Date "2009.08.27"]
[Round "7"]
[White "Peredy, Ferenc"]
[Black "Tomescu, Vlad"]
[Result "0-1"]
[WhiteElo "2277"]
[BlackElo "2422"]
[PlyCount "108"]
[EventDate "2009.08.21"]
[EventType "swiss"]
[EventRounds "9"]
[EventCountry "ITA"]
[SourceTitle "CBM 131 Extra"]
[Source "ChessBase"]
[SourceDate "2009.09.03"]
[SourceVersion "2"]
[SourceVersionDate "2009.09.16"]
[SourceQuality "1"]

1. d4 Nf6 2. c4 Nc6 3. Nf3 e6 4. a3 d6 5. Nc3 g6 6. g3 Bg7 7. Bg2 0-0 8. 0-0 Re8 9. h3 a6 10. e4 Rb8 11. Be3 Na5 12. Nd2 b5 13. cxb5 axb5 14. b4 Nc4 15. Nxc4 bxc4 16. Qe2 d5 17. e5 Nd7 18. f4 c6 19. g4 Nb6 20. Qc2 Qe7 21. Bf3 Bd7 22. Kg2 Rb7 23. h4 Ra8 24. Bd1 f5 25. g5 Be8 26. Ra2 Ra6 27. Bc1 Bf8 28. Qd2 Rba7 29. Rf2 Na8 30. Qe3 h5 31. Rfd2 Kg7 32. Kg3 Qd8 33. Qf2 Be7 34. Qe3 Bd7 35. Qf2 Nc7 36. Qe3 Qa8 37. Kf2 Qf8 38. Kf1 Nb5 39. Nxb5 cxb5 40. Rac2 Bxb4 41. axb4 Qxb4 42. Bf3 Qe7 43. Qe2 Ra1 44. Kf2 Be8 45. Bb2 R1a5 46. Bc1 b4 47. Ra2 Qc7 48. Rxa5 Qxa5 49. Rb2 c3 50. Rb1 Bb5 51. Qc2 Bc4 52. Be2 Ba2 53. Ra1 b3 54. Rxa2 bxa2 0-1

[Event "Porto San Giorgio op-A 21st"]
[Site "Porto San Giorgio"]
[Date "2009.08.26"]
[Round "6"]
[White "Tomescu, Vlad"]
[Black "Baklan, Vladimir"]
[Result "1/2-1/2"]
[WhiteElo "2422"]
[BlackElo "2639"]
[PlyCount "70"]
[EventDate "2009.08.21"]
[EventType "swiss"]
[EventRounds "9"]
[EventCountry "ITA"]
[SourceTitle "CBM 131 Extra"]
[Source "ChessBase"]
[SourceDate "2009.09.03"]
[SourceVersion "2"]
[SourceVersionDate "2009.09.16"]
[SourceQuality "1"]

1. d4 Nf6 2. c4 c5 3. d5 b5 4. cxb5 a6 5. b6 d6 6. Nc3 Nbd7 7. e4 g6 8. Nf3 Bg7 9. Nd2 Nxb6 10. Nc4 0-0 11. Be2 Nxc4 12. Bxc4 Rb8 13. 0-0 Rb4 14. Qe2 Nd7 15. a3 Rb8 16. Bg5 Ne5 17. Ba2 Qb6 18. Rab1 a5 19. Rfd1 Ba6 20. Qc2 Rb7 21. h3 Rfb8 22. b3 Qd8 23. f4 Nd7 24. Bh4 Qf8 25. Ne2 a4 26. Nc3 axb3 27. Rxb3 Rxb3 28. Bxb3 c4 29. Ba2 Nc5 30. Rb1 Rxb1+ 31. Nxb1 Qb8 32. Kh2 Qb2 33. Qxb2 Bxb2 34. e5 Kf8 35. exd6 exd6 1/2-1/2

[Event "Porto San Giorgio op 20th"]
[Site "Porto San Giorgio"]
[Date "2008.08.25"]
[Round "5"]
[White "Tomescu, Vlad"]
[Black "Gordon, Stephen J"]
[Result "0-1"]
[WhiteElo "2405"]
[BlackElo "2508"]
[PlyCount "48"]
[EventDate "2008.08.21"]
[EventType "swiss"]
[EventRounds "9"]
[EventCountry "ITA"]
[SourceTitle "CBM 126 Extra"]
[Source "ChessBase"]
[SourceDate "2008.11.05"]
[SourceVersion "1"]
[SourceVersionDate "2008.11.05"]
[SourceQuality "1"]

1. d4 Nf6 2. c4 e6 3. Nc3 Bb4 4. Bd2 0-0 5. e3 b6 6. Nge2 Bb7 7. a3 Be7 8. Nf4 d5 9. cxd5 exd5 10. b4 c5 11. bxc5 bxc5 12. Rb1 Bc6 13. dxc5 Bxc5 14. Bb5 d4 15. exd4 Re8+ 16. Nce2 Qxd4 17. 0-0 Qd6 18. Bb4 Qxd1 19. Rfxd1 Bxb5 20. Bxc5 Bxe2 21. Nxe2 Rxe2 22. Bxa7 Rxa7 23. Rxb8+ Re8 24. Rxe8+ Nxe8 0-1

[Event "Porto San Giorgio op 20th"]
[Site "Porto San Giorgio"]
[Date "2008.08.22"]
[Round "2"]
[White "Di Donatantonio, Franco"]
[Black "Tomescu, Vlad"]
[Result "0-1"]
[WhiteElo "2135"]
[BlackElo "2405"]
[PlyCount "72"]
[EventDate "2008.08.21"]
[EventType "swiss"]
[EventRounds "9"]
[EventCountry "ITA"]
[SourceTitle "CBM 126 Extra"]
[Source "ChessBase"]
[SourceDate "2008.11.05"]
[SourceVersion "1"]
[SourceVersionDate "2008.11.05"]
[SourceQuality "1"]

1. e4 c5 2. Nf3 Nc6 3. Bb5 e6 4. Bxc6 bxc6 5. d3 f6 6. 0-0 d6 7. Nh4 Ne7 8. f4 g6 9. Be3 Bg7 10. Nd2 f5 11. c3 Ba6 12. Qc2 fxe4 13. Nxe4 Nd5 14. Bf2 Nxf4 15. Rad1 0-0 16. Nf3 Qe7 17. Bh4 Qd7 18. Bg5 h6 19. Bxf4 Rxf4 20. g3 Rxe4 21. dxe4 Bxf1 22. Rxf1 g5 23. h3 c4 24. e5 d5 25. Qg6 Qe8 26. Qc2 c5 27. b3 cxb3 28. axb3 Qh5 29. Kg2 g4 30. hxg4 Qxg4 31. Re1 Rf8 32. Nh4 Rf7 33. c4 d4 34. Re4 Qh5 35. b4 Bxe5 36. bxc5 Rg7 0-1

[Event "Porto San Giorgio op"]
[Site "Porto San Giorgio"]
[Date "2007.08.24"]
[Round "4"]
[White "Komarov, Dimitri"]
[Black "Tomescu, Vlad"]
[Result "1/2-1/2"]
[WhiteElo "2550"]
[BlackElo "2407"]
[PlyCount "67"]
[EventDate "2007.08.21"]
[EventType "swiss"]
[EventRounds "9"]
[EventCountry "ITA"]
[SourceTitle "CBM 120 Extra"]
[Source "ChessBase"]
[SourceDate "2007.11.01"]
[SourceVersion "1"]
[SourceVersionDate "2007.11.01"]
[SourceQuality "1"]

1. d4 Nf6 2. c4 Nc6 3. Nf3 e6 4. g3 Bb4+ 5. Bd2 Qe7 6. Nc3 0-0 7. Bg2 d6 8. d5 Nb8 9. dxe6 fxe6 10. a3 Bxc3 11. Bxc3 Ne4 12. Rc1 a5 13. Bd4 a4 14. Nd2 Nf6 15. Ne4 Nc6 16. Bxf6 gxf6 17. Nc3 Bd7 18. Nxa4 Ne5 19. Nc3 Bc6 20. Bxc6 bxc6 21. Nb1 Rfb8 22. Rc2 c5 23. 0-0 Rb6 24. Nd2 Qf8 25. Nf3 Nc6 26. Qc1 Rab8 27. Rd1 R8b7 28. b4 cxb4 29. c5 dxc5 30. axb4 Nxb4 31. Rxc5 Nd3 32. Rg5+ fxg5 33. Qxg5+ Qg7 34. Qd8+ 1/2-1/2

[Event "Porto San Giorgio op"]
[Site "Porto San Giorgio"]
[Date "2007.08.23"]
[Round "3"]
[White "Tomescu, Vlad"]
[Black "Hamdouchi, Hicham"]
[Result "1/2-1/2"]
[WhiteElo "2407"]
[BlackElo "2576"]
[PlyCount "243"]
[EventDate "2007.08.21"]
[EventType "swiss"]
[EventRounds "9"]
[EventCountry "ITA"]
[SourceTitle "CBM 120 Extra"]
[Source "ChessBase"]
[SourceDate "2007.11.01"]
[SourceVersion "1"]
[SourceVersionDate "2007.11.01"]
[SourceQuality "1"]

1. e4 c5 2. Nf3 e6 3. d4 cxd4 4. Nxd4 a6 5. Bd3 Bc5 6. Nb3 Ba7 7. Nc3 Nc6 8. Qe2 Nge7 9. Be3 0-0 10. 0-0-0 b5 11. e5 b4 12. Bxa7 Rxa7 13. Na4 Ng6 14. Bxg6 Qg5+ 15. Qd2 Qxd2+ 16. Rxd2 fxg6 17. Re1 Rf5 18. Nb6 Rc7 19. Nc4 g5 20. f3 Kf8 21. h3 Ke7 22. Nd4 Nxd4 23. Rxd4 Bb7 24. Nd6 Rf4 25. Red1 a5 26. Rxf4 gxf4 27. Rd4 g5 28. h4 h6 29. hxg5 hxg5 30. a3 bxa3 31. bxa3 Bd5 32. c4 Rc5 33. Rd2 Bc6 34. Re2 a4 35. Kb2 Ra5 36. Kc3 Ra8 37. Rb2 g4 38. fxg4 Rg8 39. Kd4 f3 40. gxf3 Bxf3 41. g5 Rxg5 42. Rb8 Bh5 43. Rh8 Bg6 44. Rg8 Rg4+ 45. Kc5 Rg5 46. Rg7+ Kf8 47. Rxd7 Rxe5+ 48. Kd4 Re1 49. c5 Bf5 50. Ra7 Bh3 51. Rxa4 Bg2 52. Ra7 e5+ 53. Kc3 Rc1+ 54. Kb4 Bd5 55. Rh7 Rb1+ 56. Ka5 e4 57. Rh5 Bc6 58. Re5 Rb3 59. a4 Rb8 60. Nxe4 Ra8+ 61. Kb6 Bxa4 62. Nd6 Rb8+ 63. Nb7 Re8 64. Rf5+ Kg7 65. Rf4 Bd7 66. Nd6 Rf8 67. Re4 Kf6 68. Kc7 Be6 69. c6 Rg8 70. Kb6 Rb8+ 71. Kc5 Ra8 72. c7 Bd7 73. Kb6 Ra1 74. Nc4 Rb1+ 75. Kc5 Rc1 76. Kb6 Rb1+ 77. Ka7 Rc1 78. Kb7 Bh3 79. Rd4 Ke7 80. Nb6 Rb1 81. Rd3 Bf5 82. Rd5 Bg4 83. Rg5 Bh3 84. Rg7+ Kd6 85. Rg6+ Ke7 86. Rc6 Bg4 87. Rc3 Bf5 88. Kc6 Bg4 89. Nd5+ Kf7 90. Rg3 Bc8 91. Rf3+ Kg7 92. Nb6 Rc1+ 93. Kd6 Bb7 94. Rb3 Rd1+ 95. Ke7 Re1+ 96. Kd8 Kf7 97. Rh3 Re8+ 98. Kd7 Re7+ 99. Kd6 Re6+ 100. Kc5 Rc6+ 101. Kb5 Rc1 102. Nc4 Bc8 103. Re3 Bd7+ 104. Kc5 Bc8 105. Re4 Kf6 106. Kb6 Rb1+ 107. Kc6 Rc1 108. Rd4 Ke7 109. Rh4 Ke6 110. Kc5 Ke7 111. Kb6 Rb1+ 112. Kc6 Rc1 113. Re4+ Kf6 114. Kb6 Rb1+ 115. Ka5 Ra1+ 116. Kb5 Rb1+ 117. Kc5 Rc1 118. Rd4 Ke7 119. Kc6 Ke6 120. Re4+ Kf6 121. Rh4 Ke7 122. Rh7+ 1/2-1/2

[Event "Rome Primavera Accademia op"]
[Site "Rome"]
[Date "2007.05.13"]
[Round "4"]
[White "Tosoni, Augusto"]
[Black "Tomescu, Vlad"]
[Result "1/2-1/2"]
[WhiteElo "2270"]
[BlackElo "2408"]
[PlyCount "27"]
[EventDate "2007.05.11"]
[EventType "swiss"]
[EventRounds "5"]
[EventCountry "ITA"]
[SourceTitle "EXT 2010"]
[Source "ChessBase"]
[SourceDate "2010.11.25"]
[SourceVersion "1"]
[SourceVersionDate "2010.11.25"]
[SourceQuality "1"]

1. d4 d5 2. c4 e6 3. Nc3 Nf6 4. Bg5 Nbd7 5. Nf3 c6 6. e3 Be7 7. Bd3 0-0 8. 0-0 Re8 9. Qc2 Nf8 10. e4 dxe4 11. Nxe4 Nxe4 12. Bxe7 Qxe7 13. Bxe4 Bd7 14. Rfe1 1/2-1/2

[Event "Rome Primavera Accademia op"]
[Site "Rome"]
[Date "2007.05.12"]
[Round "3"]
[White "Tomescu, Vlad"]
[Black "Profumo, Alberto"]
[Result "1-0"]
[WhiteElo "2408"]
[BlackElo "2256"]
[PlyCount "119"]
[EventDate "2007.05.11"]
[EventType "swiss"]
[EventRounds "5"]
[EventCountry "ITA"]
[SourceTitle "EXT 2010"]
[Source "ChessBase"]
[SourceDate "2010.11.25"]
[SourceVersion "1"]
[SourceVersionDate "2010.11.25"]
[SourceQuality "1"]

1. d4 Nf6 2. c4 g6 3. Nc3 Bg7 4. e4 d6 5. f3 c6 6. Be3 Nbd7 7. Qd2 a6 8. a4 0-0 9. a5 e5 10. d5 c5 11. g4 b6 12. Bd3 Rb8 13. Nge2 bxa5 14. Ng3 Rb4 15. h4 Nb6 16. Qe2 Ne8 17. h5 g5 18. Kf2 a4 19. Ra2 h6 20. Rha1 Bd7 21. Nf1 Nc7 22. Nd2 Qb8 23. Nf1 Qb7 24. Bc1 Rb8 25. Ne3 Qc8 26. Bc2 Qe8 27. Qd3 f6 28. Ra3 Bf8 29. Qe2 Be7 30. Nb1 Bf8 31. Nd2 Rb7 32. b3 axb3 33. Nxb3 Ra4 34. Na5 Rxa3 35. Rxa3 Rb8 36. Qe1 Be7 37. Bd2 Qd8 38. Rb3 Nba8 39. Nb7 Qf8 40. Qb1 Ne8 41. Nxc5 Rxb3 42. Nxb3 Ng7 43. Na5 Qc8 44. Qb4 Qc7 45. Ba4 Bc8 46. Nc6 Kf7 47. Qb3 Qb6 48. Qa2 Qb7 49. c5 dxc5 50. d6+ Be6 51. dxe7 Bxa2 52. Nd8+ Kxe7 53. Nxb7 Nb6 54. Nxc5 Kd6 55. Bb4 a5 56. Ba3 Ne6 57. Nf5+ Kc7 58. Bb5 Nd4 59. Nxd4 exd4 60. Bb2 1-0